A MANUAL OF RHETORIC AND PROSODY (Record no. 7949)
[ view plain ]
| 000 -LEADER | |
|---|---|
| fixed length control field | 00514cam a2200193ua 4500 |
| 008 - FIXED-LENGTH DATA ELEMENTS--GENERAL INFORMATION | |
| fixed length control field | 161117n1984 II |||gr||||Z||||||eng |
| 040 ## - CATALOGING SOURCE | |
| Original cataloging agency | MAIN |
| 041 ## - LANGUAGE CODE | |
| -- | English |
| 082 ## - DEWEY DECIMAL CLASSIFICATION NUMBER | |
| Classification number | 808 SIN |
| 100 ## - MAIN ENTRY--PERSONAL NAME | |
| Personal name | SINGHA , MAHENDRA NATH ., |
| Relator term | AUTHOR. |
| 245 ## - TITLE STATEMENT | |
| Title | A MANUAL OF RHETORIC AND PROSODY |
| 250 ## - EDITION STATEMENT | |
| Edition statement | 2ND. |
| 260 ## - PUBLICATION, DISTRIBUTION, ETC. | |
| Place of publication, distribution, etc. | BAREILY |
| Name of publisher, distributor, etc. | PRAKASH BOOK DEPOT |
| Date of publication, distribution, etc. | 1984 |
| 300 ## - PHYSICAL DESCRIPTION | |
| Extent | 164: |
| Dimensions | 19CM. |
| 700 ## - ADDED ENTRY--PERSONAL NAME | |
| Personal name | SINGHA , MAHENDRA NATH ., |
| Relator term | AUTHOR., |
| 942 ## - ADDED ENTRY ELEMENTS (KOHA) | |
| Koha item type | Books |
| 653 ## - INDEX TERM--UNCONTROLLED | |
| Uncontrolled term | Rhetoric & collections of literature |
| Withdrawn status | Lost status | Damaged status | Not for loan | Collection code | Home library | Current library | Shelving location | Date acquired | Full call number | Barcode | Date last seen | Copy number | Price effective from | Koha item type | Public note |
|---|---|---|---|---|---|---|---|---|---|---|---|---|---|---|---|
| TBENG | Central Library and Information Centre Sibsagar Girls College | Central Library and Information Centre Sibsagar Girls College | ENGLISH BOOK RACK | 20.04.1983 | 808 SIN | 07091 | 27.02.2020 | 1 | 27.02.2020 | Books | V | ||||
| REFENG | Central Library and Information Centre Sibsagar Girls College | Central Library and Information Centre Sibsagar Girls College | ENGLISH REFERENCE RACK | 20.04.1983 | 808 SIN | 07092 | 27.02.2020 | 2 | 27.02.2020 | Books | V |